Online Catalogue and eLibrary

Devolution in a multi-ethnic society : (Record no. 2869)

MARC details
000 -LEADER
fixed length control field 00457nam a2200169Ia 4500
005 - DATE AND TIME OF LATEST TRANSACTION
control field 20240606061448.0
008 - FIXED-LENGTH DATA ELEMENTS--GENERAL INFORMATION
fixed length control field 240331s9999 xx 000 0 und d
082 ## - DDC Classification
Item Number - Author Mark BAS
Class No. 352
100 ## - MAIN ENTRY--PERSONAL NAME
Personal name Bastiampillai, B
245 #0 - TITLE STATEMENT
Title Devolution in a multi-ethnic society :
Remainder of title ethnic harmony programme
260 ## - PUBLICATION, DISTRIBUTION, ETC.
Place of publication, distribution, etc. Colombo
Name of publisher, distributor, etc. MARGA INSTITUTE
Date of publication, distribution, etc. 1995
300 ## - PHYSICAL DESCRIPTION
Extent (e.g. Volumes, Pages etc.) 66 p.,
650 ## - SUBJECT ADDED ENTRY--TOPICAL TERM
Topical term or geographic name entry element Devolution
650 ## - SUBJECT ADDED ENTRY--TOPICAL TERM
Topical term or geographic name entry element Multi -Ethnic Society
700 ## - ADDED ENTRY--PERSONAL NAME
Personal name Wanasingha,S
942 ## - Koha item type (Biblio)
Koha item type Books in Stacks (Lending)
Holdings
Lost status Damaged status Collection code Home library Current library Shelving location Date acquired Full call number Accession Number Item type
    Lending WERC Library WERC Library Social Science Cupboard 03/31/2024 352 BAS 5196 Books in Stacks (Lending)

© WERC Library